000 00814nam a2200241 a 4500
003 a
005 20250513135939.0
008 021016s19uu xx 00 eng d
020 _a9780439064866
050 _aFic
_bRo79 1999
082 _aFic
_bRo79 1999
100 _aRowling, J. K.
245 _aHarry Potter and the chamber of secrets /
_cJ. K. Rowling.
250 _aBook 2
260 _aNew York :
_bScholastic Inc,
_c1999.
300 _a341 p. :
_bill. ;
_c24 cm.
520 _aWhen the Chamber is open again at the Hogwarts school for witchcraft and wizardy, second year student Harry Potter finds himself in danger from a dark power that has once more released on the school.
650 _aWizards
_xfiction
650 _aMagic
_xfiction
942 _cBK
_2ddc
999 _c19661
_d19661